| 000 | 00892nam0a22002531 4500 | ||
|---|---|---|---|
| 001 | rc\504499 | ||
| 005 | 20030616171913.1 | ||
| 010 |
_a5-633-00134-6 _940000 |
||
| 035 | _a(NLR Aleph) 005745261 | ||
| 090 |
_a4781789 _c4781789 |
||
| 100 | _a20030616d1988 u |0rusy50 ca | ||
| 101 | 0 | _arus | |
| 102 | _aRU | ||
| 105 | _aa ||||||||| | ||
| 200 | 1 |
_aХлопок через века и страны _e[Для сред. и ст. шк. возраста] _fСусанна Газиянц, Аркадий Мар _g[Худож. В. Елизаров] |
|
| 210 |
_aТашкент _cЕш гвардия _d1988 |
||
| 215 |
_a172, [2] с. _cил. _d21 |
||
| 700 | 1 |
_aГазиянц _bС. М. _gСусанна Михайловна |
|
| 701 | 1 |
_aМар _bА. М. _gАркадий Маркович |
|
| 801 | 0 |
_aRU _bNLR _gpsbo |
|
| 801 | 1 |
_aRU _bELAR _2rusmarc |
|
| 852 |
_aNLR _j88-3/6328 |
||
| 942 | _cBOOK | ||
| 980 | _aNB | ||